Vista normal
Vista MARC
Entrada Materia (personas)
Número de registros utilizados en: 1
001 - CONTROL NUMBER
- control field: 40982
003 - CONTROL NUMBER IDENTIFIER
- control field: Co-BoUCM
005 - DATE AND TIME OF LATEST TRANSACTION
- control field: 20130718160016.0
008 - FIXED-LENGTH DATA ELEMENTS
- fixed length control field: 130718|| aca||aabn | a|a d
040 ## - CATALOGING SOURCE
- Original cataloging agency: Co-BoUCM
- Transcribing agency: Co-BoUCM
100 ## - HEADING--PERSONAL NAME
- Personal name: Rueus, Franciscus
- Dates associated with a name: m. 585
670 ## - SOURCE DATA FOUND
- Source citation: Work cat.: (Co-BoUCM)0: Tirinus, Jacobus 1580-1636 40979, R.P. Jacobi Tirini S.J. Antuerpiani In universam Sacram Scripturam Commentarius tribus tomis comprehensus. Atque Indicibus omnino sex auctus., 1760